|
|
|
|
| LEADER |
01227nam a22002417i 4500 |
| 005 |
20220228133511.0 |
| 008 |
161010s2006 gr ||||f |||| 00| 0 gre d |
| 952 |
|
|
|0 0
|1 0
|2 ddc
|4 0
|6 840_000000000000000_PON
|7 0
|9 206227
|a LISP
|b LISP
|c DON
|d 2016-10-10
|e ΒΑΛ
|i 128813
|l 0
|o 840 PON
|p 025000247990
|r 2016-10-10 00:00:00
|t 1
|v 2016.00
|w 2016-10-10
|y BK15
|
| 999 |
|
|
|c 125415
|d 125415
|
| 020 |
|
|
|a 9789600512878
|
| 040 |
|
|
|a GR-PaULI
|b gre
|c GR-PaULI
|e AACR2
|
| 082 |
0 |
4 |
|2 23
|a 840
|
| 100 |
1 |
|
|9 157413
|a Pontalis, Jean - Bertrand,
|d 1924-2013,
|e συγγραφέας
|
| 245 |
1 |
0 |
|a Παράθυρα /
|c Ζαν - Μπερτράν Πονταλίς ; μετάφαρση Εύα Καραϊτίδη ; επιστημονική επιμέλεια - επίμετρο Γεράσιμος Στεφανάτος.
|
| 260 |
|
|
|a Αθήνα :
|b Εστία,
|c 2006.
|
| 300 |
|
|
|a 222 σ. ;
|c 22 ek.
|
| 490 |
1 |
|
|a Ψυχαναλυτικά
|
| 700 |
1 |
|
|9 146879
|a Καραϊτίδη, Εύα,
|d 1955-
|e μεταφράστρια
|
| 700 |
1 |
|
|9 157415
|a Στεφανάτος, Γεράσιμος Ν.,
|d 1950-
|e επιμελητής
|
| 765 |
0 |
8 |
|i Μετάφραση του:
|t Fenêtres
|
| 830 |
|
0 |
|9 157416
|a Ψυχαναλυτικά
|
| 942 |
|
|
|2 ddc
|c BK15
|
| 998 |
|
|
|c ΛΟΤΣΑΡΗ
|d 2016-10
|